00503 2200205 4500001002100000005001700021008004100038035002400079082000800103090001500111100001600126245005300142250001000195260002200205300001900227650001800246850001200264985000600276999001500282YOGYA-0209000004703320090227031340.0 ind  0010-020900000047033 a430 a430bSug B aSUGIATNO, T aBelajar Sendiri bahasa Jermancoleh T. Soegiatno aCet.1 aSolobAnekac1995 a108 hlmc21 cm aBahasa Jerman aYOPDYOG a1 a96P0077832